00597nam a2200193Ia 450000500170000000800410001702000220005804000190008004100120009908200150011110000170012624500810014325000270022426000860025130000200033765000180035765100180037585000100039320230821101837.0131103s9999 xx 000 0 und d a375713328cRs 245 aLoreto College aEnglish a914.4bMAY aMayle, Peter aFrench lessonsb adventures with knife, fork, and corkscrew cby Peter Mayle aVintage Open Market ed aNew YorkbVintage Departures, Vintage Books, A division of Random House Incc2002 a227pb drawings aTravel-France aFrance-Travel aLCLIB